| 000 | 00493nam a2200205Ia 4500 | ||
|---|---|---|---|
| 003 | OSt | ||
| 005 | 20240109110827.0 | ||
| 008 | 210210b1998 xxu||||| |||| 00| 0 eng d | ||
| 020 | _a0333 92468 1 | ||
| 040 | _cAL | ||
| 041 | _aEnglish | ||
| 082 | _a631.4 RAIP | ||
| 100 |
_aRAI (M M). _9147762 |
||
| 245 | _aPrinciples of soil science | ||
| 260 |
_aNew Delhi _bMacmillan India Ltd. _c1998 |
||
| 300 | _axii,305 | ||
| 690 |
_aSoil Science _9147763 |
||
| 906 | _a055017 | ||
| 942 |
_2ddc _cBK |
||
| 999 |
_c102675 _d102675 |
||